Introducción al Fortaran IV / Robert H. Hammond, William B. Rogers, Byard Houck Jr. (Registro nro. 12133)
[ vista simple ]
| 000 -LÍDER | |
|---|---|
| fixed length control field | 00613nam a2200169 4500 |
| 008 - ELEMENTOS DE LONGITUD FIJA -- INFORMACIÓN GENERAL | |
| fixed length control field | 0 1979 0a 000 0MEX |
| 020 ## - NÚMERO INTERNACIONAL NORMALIZADO PARA LIBROS | |
| ISBN | 0-07-025897-X |
| 050 ## - SIGNATURA TOPOGRAFICA DE LA BIBLIOTECA DEL CONGRESO (LC) | |
| Número de Clasificación | QA76 73F25 H26 |
| 082 ## - NUMERO DE CLASIFICACION DECIMAL DEWEY | |
| Número de Clasificación | 001.642.4 H727i |
| 100 ## - ASIENTO PRINCIPAL--NOMBRE PERSONAL | |
| Nombre personal | Hammond, Robert H. |
| 245 ## - TÍTULO | |
| Título | Introducción al Fortaran IV / Robert H. Hammond, William B. Rogers, Byard Houck Jr. |
| 260 ## - PUBLICACIÓN, DISTRIBUCIÓN, ETC. (PIE DE IMPRENTA) | |
| Lugar de publicación, distribución, etc. | México : McGraw-Hill |
| 300 ## - DESCRIPCIÓN FÍSICA | |
| Extensión | viii, 203 p. / 24 cm. |
| 500 ## - NOTA GENERAL | |
| Nota general | Incluye ap‚ndices, índice. |
| 650 ## - ASIENTO SECUNDARIO DE MATERIA - TERMINO TEMÁTICO | |
| Término temático o nombre geográfico como elemento de entrada | 1.FORTRAN (LENGUAJE DE PROGRAMACIÓN PARA COMPUTADORAS) |
| 700 ## - ASIENTO SECUNDARIO - NOMBRE PERSONAL | |
| Nombre personal | Varela Gómez, Raúl, Tr. \ Cen Zubieta, Rafael, Rev. Téc. |
| No. biblioteca | No. biblioteca | Número de clasificación | Código de barras/Número de adquisición | Número de copia | Tipo de material |
|---|---|---|---|---|---|
| LUIS G. INCLAN | LUIS G. INCLAN | 001.642.4 H727i | 172 | 2 | Libros |
| LUIS G. INCLAN | LUIS G. INCLAN | 001.642.4 H727i | 174 | 4 | Libros |
| LUIS G. INCLAN | LUIS G. INCLAN | 001.642.4 H727i | 175 | 5 | Libros |
| LUIS G. INCLAN | LUIS G. INCLAN | 001.642.4 H727i | 170 | 6 | Libros |
| LUIS G. INCLAN | LUIS G. INCLAN | 001.642.4 H727i | 171 | 1 | Libros |
